000 01064cam a22003255a 4500
001 L146924
002 17784
008 090313s2009 xxk f 000 0 eng d
020 _a9781845921064
035 _a(Sirsi) u146924
041 0 _aeng
050 0 4 _a614.7026 $2 18
100 1 _aWaite, Andrew
245 0 0 _aEnvironmental law in property transactions
250 _a3rd ed.
260 _aHaywards Heath
_bTottel
_c2009
300 _alxxiii, 590p.
_c25cm.
350 _a70
520 _aExamines the environmental issues which may arise during property conveyancing, and includes information on precedents and relevant case law. Also includes a new section on development contracts.
520 _aSupersedes 2nd edition (ISBN 0406923647).
521 _aAdvanced
590 _aKA
651 4 _aEngland and Wales
_y1543-
690 _aENVIRONMENTAL AND LAND CONSULTANCY
690 _aPROPERTY-PROPERTY ACQUISITION AND DISPOSAL-CONVEYANCING
700 1 _aJewell, Tim
700 1 _aJones, Gregory
700 1 _aFogleman, Valerie
942 _n0
999 _c109352
_d109352